Nghiên cứu ảnh hưởng của biến đổi khí hậu đến sự nhiễm mặn trên sông Hàn

Spremljeno u:
Bibliografski detalji
Glavni autor: Tôn Nữ Minh Thư
Daljnji autori: Võ Văn Minh TS. (Hướng dẫn)
Format: Knjiga
Jezik:Vietnamese
Izdano: Đà Nẵng Đại học Sư phạm, Đại học Đà Nẵng 2013
Teme:
Oznake: Dodaj oznaku
Bez oznaka, Budi prvi tko označuje ovaj zapis!
Thư viện lưu trữ: Mạng thư viện Đại học Đà Nẵng
LEADER 01477nam a2200337 4500
001 000018892
003 15327
005 20140121090123.0
008 140115s2013 viesd
041 |a vie 
082 1 4 |a 551.483  |b TÔ-T 
100 1 |a Tôn Nữ Minh Thư 
245 1 0 |a Nghiên cứu ảnh hưởng của biến đổi khí hậu đến sự nhiễm mặn trên sông Hàn  |c Tôn Nữ Minh Thư ; Võ Văn Minh hướng dẫn  |k Khóa luận tốt nghiệp 
260 |a Đà Nẵng  |b Đại học Sư phạm, Đại học Đà Nẵng  |c 2013 
300 |a 53 tr.  |b Hình mh.  |c 29 cm. 
500 |a Khóa luận tốt nghiệp đại học. Chuyên ngành: Cử nhân Địa lý - Môi trường 
650 0 4 |a Biến đổi khí hậu  |v Khóa luận tốt nghiệp  |x Nghiên cứu  |x Nhiễm mặn nước  |z Đà Nẵng (Sông Hàn) 
653 |a Biến đổi khí hậu 
653 |a Khoa Địa lý 
653 |a Nhiễm mặn trên sông 
700 1 |a Võ Văn Minh  |c TS.  |e Hướng dẫn 
OWN |a LSP 
AVA |a UDN50  |b LSP  |d 551.483 TÔ-T  |e available  |t Error 5001 Not defined in file expand_doc_bib_avail.  |f 1  |g 0  |h N  |i 0  |k 1 
999 |a From the UDN01 
AVA |a UDN50  |b LSP  |d 551.483 TÔ-T  |e available  |t Error 5001 Not defined in file expand_doc_bib_avail.  |f 1  |g 0  |h N  |i 0  |k 1 
TYP |a Monograph 
TYP |a Printed language 
980 |a Mạng thư viện Đại học Đà Nẵng